Statistics for Tile select: Countries

Click here to take the quiz!

General Stats

  • This quiz has been taken 10 times
  • The average score is 69 of 80

Answer Stats

QuestionTileSelect% Correct
landlocked countriesAustriaYes
100%
countries whose flag includes 3 or less colorsAustriaYes
100%
countries that border Russia(including Kaliningrad)BelarusYes
100%
countries which have a land area larger than 100,000 sq kmBhutanNo
100%
landlocked countriesBoliviaYes
100%
countries whose flag includes 3 or less colorsBrazilNo
100%
countries with a population over 10 millionCanadaYes
100%
landlocked countriesChadYes
100%
countries that border Russia(including Kaliningrad)ChinaYes
100%
countries that border Russia(including Kaliningrad)Czech RepublicNo
100%
countries which have a land area larger than 100,000 sq kmDjiboutiNo
100%
countries which have a land area larger than 100,000 sq kmEstoniaNo
100%
countries which have a land area larger than 100,000 sq kmEswatiniNo
100%
countries with a population over 10 millionGambiaNo
100%
countries which have a land area larger than 100,000 sq kmGeorgiaNo
100%
countries that border Russia(including Kaliningrad)GermanyNo
100%
landlocked countriesGermanyNo
100%
countries which have a land area larger than 100,000 sq kmIsraelNo
100%
countries which have a land area larger than 100,000 sq kmJamaicaNo
100%
countries that border Russia(including Kaliningrad)KazakhstanYes
100%
landlocked countriesKyrgyzstanYes
100%
landlocked countriesMauritaniaNo
100%
countries that border Russia(including Kaliningrad)MoldovaNo
100%
countries with a population over 10 millionMongoliaNo
100%
landlocked countriesMongoliaYes
100%
countries whose flag includes 3 or less colorsMozambiqueNo
100%
landlocked countriesNepalYes
100%
landlocked countriesNigerYes
100%
countries that border Russia(including Kaliningrad)North KoreaYes
100%
countries that border Russia(including Kaliningrad)NorwayYes
100%
landlocked countriesOmanNo
100%
countries which have a land area larger than 100,000 sq kmPanamaNo
100%
countries that border Russia(including Kaliningrad)RomaniaNo
100%
countries that border Russia(including Kaliningrad)SwedenNo
100%
countries with a population over 10 millionSwitzerlandNo
100%
countries whose flag includes 3 or less colorsUgandaNo
100%
countries that border Russia(including Kaliningrad)UkraineYes
100%
countries whose flag includes 3 or less colorsUzbekistanNo
100%
countries that border Russia(including Kaliningrad)AzerbaijanYes
88%
landlocked countriesBruneiNo
88%
landlocked countriesCambodiaNo
88%
countries whose flag includes 3 or less colorsChileYes
88%
landlocked countriesD.R.CongoNo
88%
countries with a population over 10 millionFinlandNo
88%
countries with a population over 10 millionGhanaYes
88%
countries with a population over 10 millionIrelandNo
88%
countries whose flag includes 3 or less colorsJapanYes
88%
landlocked countriesLaosYes
88%
countries which have a land area larger than 100,000 sq kmNamibiaYes
88%
countries that border Russia(including Kaliningrad)PolandYes
88%
countries with a population over 10 millionRomaniaYes
88%
countries whose flag includes 3 or less colorsSerbiaNo
88%
countries with a population over 10 millionSouth KoreaYes
88%
countries with a population over 10 millionSouth SudanYes
88%
countries whose flag includes 3 or less colorsTanzaniaNo
88%
countries that border Russia(including Kaliningrad)ArmeniaNo
75%
countries which have a land area larger than 100,000 sq kmChileYes
75%
countries which have a land area larger than 100,000 sq kmGhanaYes
75%
countries which have a land area larger than 100,000 sq kmItalyYes
75%
countries whose flag includes 3 or less colorsMonacoYes
75%
countries which have a land area larger than 100,000 sq kmPapua new guineaYes
75%
countries whose flag includes 3 or less colorsQatarYes
75%
countries whose flag includes 3 or less colorsSierra leoneYes
75%
countries whose flag includes 3 or less colorsSouth KoreaNo
75%
landlocked countriesSudanNo
75%
landlocked countriesSyriaNo
75%
countries that border Russia(including Kaliningrad)TajikistanNo
75%
countries whose flag includes 3 or less colorsAzerbaijanNo
63%
countries with a population over 10 millionBulgariaNo
63%
countries whose flag includes 3 or less colorsJamaicaYes
63%
countries which have a land area larger than 100,000 sq kmNew ZealandYes
63%
countries with a population over 10 millionNicaraguaNo
63%
countries with a population over 10 millionNorth KoreaYes
63%
countries with a population over 10 millionSri LankaYes
63%
countries with a population over 10 millionTurkmenistanNo
63%
countries with a population over 10 millionGuatemalaYes
50%
countries which have a land area larger than 100,000 sq kmKyrgyzstanYes
50%
countries that border Russia(including Kaliningrad)UzbekistanNo
50%
countries whose flag includes 3 or less colorsNauruYes
38%
countries which have a land area larger than 100,000 sq kmUruguayYes
38%

Score Distribution

Percentile by Number Answered

Percent of People with Each Score

Your Score History

You have not taken this quiz